| 000 | 01571nam a2200241Ia 4500 | ||
|---|---|---|---|
| 999 |
_c52004 _d52004 |
||
| 001 | 19008 | ||
| 003 | GE_BSU | ||
| 005 | 20220920123130.0 | ||
| 008 | 181216s2009||||ge |||||||||||||| ||geo|| | ||
| 040 | _cGE_BSU | ||
| 041 | _ageo | ||
| 080 | _a82-95 ზ-777 | ||
| 100 |
_aზოიძე, ა. _911705 |
||
| 245 |
_aთხზულების სწავლების მეთოდიკა (I-VI კლასები) სწავლებისა და აღზრდის თეორია და მეთოდიკა : დისერტაცია / _cა. ზოიძე; სამეცნიერო ხელმძღვანელი ი. ბიბილეიშვილი; ბათუმის შოთა რუსთაველის სახელმწიფო უნივერსიტეტი. |
||
| 264 |
_aბათუმი, _c2009. |
||
| 300 |
_a174 გვ.; _b30 სმ. |
||
| 653 | _aდისერტაცია | ||
| 653 | _aთხზულების სწავლების მეთოდიკა (I-VI კლასები) სწავლებისა და აღზრდის თეორია და მეთოდიკა. | ||
| 653 | _aლიტმცოდნეობა | ||
| 700 |
_aბიბილეიშვილი, ი. _eსამეცნიერო ხელმძღვანელი _93836 |
||
| 710 |
_aბათუმის შოთა რუსთაველის სახელმწიფო უნივერსიტეტი _911706 |
||
| 942 |
_cBK _2udc |
||